| 000 | 00456nam a2200145Ia 4500 | ||
|---|---|---|---|
| 005 | 20250408072011.0 | ||
| 008 | 240331s9999 xx 000 0 und d | ||
| 082 |
_bPER _a100 |
||
| 245 | 0 |
_aPeriyar Kalanchiyam : _bVolume 3 |
|
| 260 |
_aChennai _bPeriyar Suyamariyathaip prasaara niruvanam _c1979 |
||
| 300 | _a292 p ., | ||
| 500 | _aThanthai periyar E.V. Ramasaami avarkalathu katooraikal, pechukkalin thoguppu | ||
| 700 |
_aVeeramani, K. _eedt |
||
| 942 | _cL | ||
| 999 |
_c3571 _d3571 |
||